C lculo integral Matemáticas 2 / Ron Larson, Robert P.Hosteler, Bruce H. Edwards (Registro nro. 24356)

Detalles MARC
000 -LÍDER
fixed length control field 00474nam a2200145 4500
020 ## - NÚMERO INTERNACIONAL NORMALIZADO PARA LIBROS
ISBN 978-970-10-7290-5
050 ## - SIGNATURA TOPOGRAFICA DE LA BIBLIOTECA DEL CONGRESO (LC)
Número de Clasificación QA309 L3718 2009
082 ## - NUMERO DE CLASIFICACION DECIMAL DEWEY
Número de Clasificación 515.43 L134ci 2009
100 ## - ASIENTO PRINCIPAL--NOMBRE PERSONAL
Nombre personal Larson, Ron
245 ## - TÍTULO
Título C lculo integral Matemáticas 2 / Ron Larson, Robert P.Hosteler, Bruce H. Edwards
260 ## - PUBLICACIÓN, DISTRIBUCIÓN, ETC. (PIE DE IMPRENTA)
Lugar de publicación, distribución, etc. México : Mcgraw- Hill
300 ## - DESCRIPCIÓN FÍSICA
Extensión xv, 212 p. / 27 cm.
650 ## - ASIENTO SECUNDARIO DE MATERIA - TERMINO TEMÁTICO
Término temático o nombre geográfico como elemento de entrada 1. CALCULO INTEGRAL
700 ## - ASIENTO SECUNDARIO - NOMBRE PERSONAL
Nombre personal I. Hostetler, Robert P., coaut. II. Edwards, Bruce H., coaut.
Existencias
No. biblioteca No. biblioteca Número de clasificación Código de barras/Número de adquisición Número de copia Tipo de material
LUIS G. INCLAN LUIS G. INCLAN 515.43 L134ci 2009 49465 1 Libros
LUIS G. INCLAN LUIS G. INCLAN 515.43 L134ci 2009 49466 2 Libros
LUIS G. INCLAN LUIS G. INCLAN 515.43 L134ci 2009 49467 3 Libros
LUIS G. INCLAN LUIS G. INCLAN 515.43 L134ci 2009 49468 4 Libros
ÁREA DE BÁSICAS ÁREA DE BÁSICAS 515.43 L134ci 2009 52274 7 Libros
ÁREA DE BÁSICAS ÁREA DE BÁSICAS 515.43 L134ci 2009 50098 5 Libros
ÁREA DE BÁSICAS ÁREA DE BÁSICAS 515.43 L134ci 2009 50099 6 Libros
Calzada Tecnológico # 27, Zacatepec, Morelos.
01(734) 343-07-23 / 343-21-10 / 343-21-11
Apdo. Postal 45 C.P 62780